| 000 | 00348nam a2200145Ia 4500 | ||
|---|---|---|---|
| 008 | 230312s9999||||xx |||||||||||||| ||und|| | ||
| 020 | _a0-9532939-2-0 | ||
| 082 |
_a746.94 _bBAK-W |
||
| 100 | _aBaker's;Wendy | ||
| 245 | 0 | _aWendy Baker's Curtain Sketchbook2 | |
| 260 |
_bWendy _aUK _c1999 |
||
| 300 | _a168 | ||
| 650 | _aArchitecture | ||
| 942 | _cBK | ||
| 999 |
_c11982 _d11982 |
||